| 000 | 01095cam a2200301 i 4500 | ||
|---|---|---|---|
| 001 | 362868 | ||
| 003 | ARRUPE | ||
| 005 | 20160816115440.0 | ||
| 008 | 770310s1976 ru b 000 0 eng | ||
| 010 |
_a 77350648 _z 77571793 |
||
| 015 | _aUSSR*** | ||
| 040 |
_aDLC _cDLC _dDLC |
||
| 041 | 1 | _aengrus | |
| 043 | _ae-ur--- | ||
| 050 | 0 | 0 |
_aHX547 _b.Y68 |
| 082 | 0 | 0 | _a329.9/47 |
| 100 |
_aKrivoruchenko, Vladimar Koustantinovich _925147 |
||
| 245 | 0 | 0 |
_aYouth and the Party : _bdocuments / _c[compiler and author of introductory article, V. K. Krivoruchenko ; translated from the Russian by Yuri Shirokov]. |
| 260 |
_aMoscow : _bProgress Publishers, _c1976. |
||
| 300 |
_a252 p. ; _c21 cm. |
||
| 504 | _aIncludes bibliographical references. | ||
| 610 | 2 | 0 |
_aU.S.S.R. _xParty work. _2Addresses _925148 |
| 650 | 0 |
_aSocialism and youth. _2Addresses _925149 |
|
| 700 | 1 |
_aKrivoruchenko, Vladimir Konstantinovich. _925150 |
|
| 710 | 2 |
_aKommunisticheskai︠a︡ partii︠a︡ Sovetskogo Soi︠u︡za. _925151 |
|
| 906 |
_a7 _bcbc _corignew _d3 _encip _f19 _gy-gencatlg |
||
| 942 |
_2lcc _cMONOGRAPH |
||
| 999 |
_c125039 _d125039 |
||